000 01045nam a2200253Ia 4500
005 20240530110959.0
008 140319s2022 ua a g b 000 0 ara d
017 _a2021/27498
_bمصر. دار الكتب
020 _a9789778603149
040 _aGCL /
_cGCL
082 0 4 _221
_a371.358
_bهـ ت
100 0 _aهيثم عاطف حسن
245 1 0 _aتطبيقات الويب التشاركية فى التعليم /
_cتاليف هيثم عاطف حسن ؛ تقديم خالد عمران
250 _aالاولى
260 _aالقاهرة :
_bالمركز الاكاديمى العربى،
_c2022
300 _a313 ص :
_bايض ؛
_c24 سم
504 _aيشتمل على ارجاعات ببليوجرافية
650 0 7 _2qrmak
_aالتعليم الالكترونى
650 0 7 _2qrmak
_aالتعليم
_xتطبيقات الحاسب الالى
650 0 7 _2qrmak
_aالتعليم
_xاغراضة واهدافة
700 0 _aخالد عمران
_eمقدم
942 _2ddc
_cBK
999 _c67141
_d67141